| 000 | 00000nam##2200000za#4500 |
| 001 | 9.632854 |
| 003 | CaOODSP |
| 005 | 20210624215028 |
| 007 | cr ||||||||||| |
| 008 | 150407|2000||||xxc|||||o f|0| 0 fre|d |
| 040 | |aCaOODSP|bfre |
| 043 | |an-cn--- |
| 086 | 1 |aSW21-40/2000F-PDF |
| 110 | 1 |aCanada. |bCondition féminine Canada. |
| 245 | 10|aÉtude d'évaluation des données du recensement de 1996 relatives au travail non rémunéré / |h[ressource électronique]|c[par] Leroy O. Stone et Sandra Swain. |
| 260 | |aOttawa - Ontario : |bCondition féminine Canada |c2000. |
| 300 | |a60p.|bglossaire, graphiques, tableaux |
| 500 | |aN.B.: Le n° de catalogue (SW21-40/2000F) imprimé dans cette publication est incorrect. N.B.: L'ISBN (0-662-83874-9) imprimé dans cette édition est incorrect. |
| 504 | |aBibliographie. |
| 546 | |aBilingue |
| 590 | |a06-10-Supp|b2006-12-15 |
| 691 | 07|aDonnées du recensement|2gcpds |
| 691 | 07|aCondition de la femme|2gcpds |
| 691 | 07|aÉconomie domestique|2gcpds |
| 691 | 07|aTravail non rémunéré|2gcpds |
| 720 | 1 |aStone, Leroy |
| 720 | 1 |aSwain, Sandra |
| 775 | 08|tThe 1996 Census unpaid work data evaluation study / |w(CaOODSP)9.688430 |
| 776 | 0#|tThe 1996 Census unpaid work data evaluation study / |w(CaOODSP)9.661197 |
| 776 | 0#|tÉtude d'évaluation des données du recensement de 1996 relatives au travail non rémunéré / |w(CaOODSP)9.661198 |
| 856 | 40|ahttp://publications.gc.ca|qPDF|s298 Ko|uhttps://publications.gc.ca/collections/Collection/SW21-40-2000F.pdf |